UBT Library

Chemistry problems (Record no. 47331)

000 -LEADER
fixed length control field 00550cam a2200217 4500
001 - CONTROL NUMBER
control field 3127622
005 - DATE AND TIME OF LATEST TRANSACTION
control field 20180827040739.0
008 - FIXED-LENGTH DATA ELEMENTS--GENERAL INFORMATION
fixed length control field 720630s1972 caua 000 0 eng
010 ## - LIBRARY OF CONGRESS CONTROL NUMBER
LC control number 70151306
020 ## - INTERNATIONAL STANDARD BOOK NUMBER
International Standard Book Number 0805388087
040 ## - CATALOGING SOURCE
Original cataloging agency DLC
Transcribing agency DLC
Modifying agency DLC
041 ## - LANGUAGE CODE
Language code of text/sound track or separate title eng
080 ## - UNIVERSAL DECIMAL CLASSIFICATION NUMBER
Universal Decimal Classification number 540.76
082 00 - DEWEY DECIMAL CLASSIFICATION NUMBER
Classification number 540.76
100 1# - Rafti
Rafti 12
101 ## - Shkurtesa
Shkurtesa KIM
240 10 - UNIFORM TITLE
Uniform title <a href="Freshman chemistry problems and how to solve them">Freshman chemistry problems and how to solve them</a>
245 10 - TITLE STATEMENT
Title Chemistry problems
Statement of responsibility, etc [by] M. J. Sienko.
906 ## - LOCAL DATA ELEMENT F, LDF (RLIN)
a 7
b cbc
c orignew
d 2
e ncip
f 19
g y-gencatlg
942 ## - ADDED ENTRY ELEMENTS (KOHA)
Source of classification or shelving scheme
Item type Books
Holdings
Withdrawn status Lost status Source of classification or shelving scheme Damaged status Not for loan Collection code Permanent location Current location Shelving location Date acquired Total Checkouts Full call number Barcode Date last seen Price effective from Koha item type
          Koleksioni i përgjithshem UBT - Lipjan UBT - Lipjan Koleksioni i përgjithshem 08/27/2018   540.76 SIE 002-3011482 08/27/2018 08/27/2018 Books
UBT Library © 2015-2024. All rights reserved University Education for Business and Technology